| 000 | 01083cad a22002415a 4500 | ||
|---|---|---|---|
| 001 | L157331 | ||
| 008 | 121019s2012 xxk f 000 0 eng d | ||
| 035 | _a(Sirsi) u157331 | ||
| 041 | 0 | _aeng | |
| 110 | 2 |
_aCrossrail _96116 |
|
| 245 | 0 | 0 |
_aCrossrail property impact study _h[electronic resource] |
| 260 |
_aLondon _bCrossrail _c2012 |
||
| 260 |
_aLondon _bCrossrail _c2012 |
||
| 521 | _aAssesses the impact the Crossrail project will have on residential and commercial property values along its route from Maidenhead in the West to Shenfield and Woolwich in the East between 2012 and 2021. Predicts that property values along the route will increase by up to £5.5 billion pounds. | ||
| 590 | _aKA NTK | ||
| 650 | 2 | 4 | _aCROSSRAIL |
| 651 | 4 | _aLondon | |
| 690 |
_aResidential property _96266 |
||
| 690 |
_aCommercial property _96227 |
||
| 710 | 1 |
_aGVA _95945 |
|
| 856 | 4 | 0 |
_uhttps://www.crossrail.co.uk/news/press-releases/crossrail-predicted-to-increase-property-values-by-55-billion#.UH03nm90NyI _zView the item free of charge from the www.crossrail.co.uk website |
| 942 | _n0 | ||
| 999 |
_c114725 _d114725 |
||